Toulouse-Lautrec

Uloženo v:
Podrobná bibliografie
Hlavní autor: Chastel, André (Autor)
Médium: Kniha
Jazyk:španělština
Vydáno: Ciudad de México Hermes 1966
Edice:Colección Unesco-Hermes Bolsilibros de Arte
Témata:
Tagy: Přidat tag
Žádné tagy, Buďte první, kdo vytvoří štítek k tomuto záznamu!

MARC

LEADER 00000nam a2200000 a 4500
001 UCO1822
003 CL-VaPUC
008 000519e19660000MX |||||||||||||||||spa|d
082 0 4 |a 759.4  |b CHA  |2 21 
100 0 |a Chastel, André  |e author  |9 444347 
245 1 0 |a Toulouse-Lautrec 
300 |a 24 p 
942 |c BK 
945 |d 20000519 00:00:00  |a rbrito 
260 |a Ciudad de México  |b Hermes  |c 1966 
600 0 7 |a TOULOUSE-LAUTREC, HENRI DE  |2 CL-VaPUC  |9 267991 
650 0 |a Pintura francesa  |9 266122 
650 0 |a Pintores franceses   |9 340354 
583 |a last modification  |c 20000519 00:00:00  |k Rodrigo Vera 
490 0 |a Colección Unesco-Hermes Bolsilibros de Arte 
999 |c 288415  |d 288413 
952 |0 0  |1 0  |4 0  |6 759_400000000000000_CHA_1966  |7 0  |8 P  |9 336084  |a BIBARQ  |b BIBARQ  |d 2019-11-20  |i 3620662  |o 759.4 CHA 1966  |p 3620662  |r 2025-01-20  |w 2019-11-20  |y BK  |k ARQ